[Event "FSIMA March"]
[Site "Budapest HUN"]
[Date "2003.03.08"]
[Round "8"]
[White "Habibi,Al"]
[Black "Haznedaroglu,K"]
[Result "0-1"]
[WhiteElo "2276"]
[BlackElo "2283"]

1.c4 c6 2.Nf3 d5 3.b3 Bf5 4.Bb2 e6 5.g3 Nf6 6.Bg2 h6 7.d3 Be7 8.O-O O-O 9.Nc3 Nbd7
10.Qc2 Bh7 11.Rac1 a5 12.Rfd1 Nc5 13.e4 dxe4 14.dxe4 Qb6 15.Ne5 Rfd8 16.Qe2 Rxd1+
17.Rxd1 Rd8 18.Rxd8+ Qxd8 19.h3 Nfd7 20.Ng4 Nf6 21.Ne5 Nfd7 22.Nf3 Nf8 23.Ne1 e5
24.Nb1 Bf6 25.Bc3 Nfe6 26.f3 b6 27.Nd2 Nd4 28.Qf2 Nce6 29.Nf1 h5 30.h4 g5
31.hxg5 Bxg5 32.Ne3 h4 33.Bf1 hxg3 34.Qxg3 Kf8 35.N3g2 Qf6 36.Qh3 Bg6 37.Qg4 Kg7
38.Kf2 Kh6 39.Be2 Bh5 40.Qg3 Nc5 41.Bd3 Bxf3 42.Bxd4 Nxe4+ 43.Bxe4 Bxe4+
44.Kg1 exd4 45.Qg4 Qf5 46.Qg3 d3  0-1

[Event "X Anibal Open"]
[Site "Linares ESP"]
[Date "2003.03.08"]
[Round "9"]
[White "Delchev,A"]
[Black "Vasquez,R"]
[Result "1/2-1/2"]
[WhiteElo "2583"]
[BlackElo "2481"]

1.c4 c6 2.e4 d5 3.exd5 cxd5 4.cxd5 Nf6 5.Nc3 Nxd5 6.Nf3 Nxc3 7.bxc3 g6 8.d4 Bg7
9.Bd3 Nc6 10.O-O O-O 11.Re1 Bg4 12.Be4 Rc8 13.Bg5 Re8 14.Rb1 b6 15.h3 Bxf3
16.Qxf3 Qd7 17.Bd3 h6 18.Bh4 e6 19.Bb5 g5 20.Bg3 Red8 21.h4 Qb7 22.hxg5 hxg5
23.Be5 Qd7 24.Qh5 Qe7 25.Bh2 Na5 26.Re3 Nc4 27.Rh3 Na3 28.Qh7+ Kf8 29.Be5 f6
30.Rf3 f5 31.Qg6 g4 32.Re3 Nxb1 33.Bxg7+ Qxg7 34.Qxe6 Qf7 35.Qh6+ Qg7 36.Qe6 Qf7
37.Qh6+ Qg7 38.Qe6  1/2-1/2

[Event "Victor Ciocaltea Mem"]
[Site "Bucharest ROM"]
[Date "2003.03.11"]
[Round "8"]
[White "Ionescu,Co"]
[Black "Ionescu,M"]
[Result "1/2-1/2"]
[WhiteElo "2473"]
[BlackElo "2414"]

1.c4 c6 2.e4 d5 3.exd5 Nf6 4.d4 cxd5 5.Nc3 e6 6.Nf3 Be7 7.cxd5 exd5 8.Bd3 O-O
9.h3 Nc6 10.O-O h6 11.Bf4 Be6 12.Re1 Re8 13.Rc1 Rc8 14.Bb1 Bf8 15.Re2 Nh5
16.Bh2 Qf6 17.Qd2 g6 18.Rce1 Red8 19.Ne5 Nxe5 20.Rxe5 Qg7 21.a3 Bd6 22.R5e2 Bxh2+
23.Kxh2 Nf6 24.Ba2 Qf8 25.Kg1 Kg7 26.Qf4 Qd6 27.Qe5 Qxe5 28.dxe5 Ng8 29.Nb5 a6
30.Nd4 Ne7 31.Rd1 Rc7 32.f3 Rdc8 33.Kf2  1/2-1/2

[Event "19th Spring Fest"]
[Site "Budapest HUN"]
[Date "2003.03.16"]
[Round "3"]
[White "Reiter,L"]
[Black "Szamoskozi,G"]
[Result "0-1"]
[WhiteElo "2072"]
[BlackElo "2201"]

1.c4 c6 2.Nc3 d5 3.cxd5 cxd5 4.d4 Nf6 5.Nf3 Bf5 6.Bf4 Nc6 7.e3 a6 8.Be2 e6
9.O-O Bd6 10.Bg3 Bxg3 11.hxg3 h6 12.Rc1 O-O 13.Na4 Ne4 14.Qb3 Qe7 15.a3 Rac8
16.Qb6 Nb8 17.b4 Nd7 18.Qa5 g5 19.Nb6 Nxb6 20.Qxb6 Nc3 21.Bd1 Rc6 22.Qxc6 bxc6
23.Rxc3 a5 24.bxa5 f6 25.Be2 e5 26.Rfc1 Rc8 27.Rc5 g4 28.Nh4 Bd7 29.Bd3 e4
30.Bc2 Kf7 31.Ba4 Qd8 32.f3 gxf3 33.gxf3 Qc7 34.f4 Qb7 35.Bd1 Rg8 36.Kf2 Qb2+
37.R1c2 Qxa3 38.Bh5+ Ke7 39.f5 Ra8 40.Be2 Rxa5 41.Rxa5 Qxa5 42.g4 Kd6 43.Ng6 h5
44.Nh4 hxg4 45.Bxg4 Bc8 46.Ng2 Qa4 47.Rd2 Qb4 48.Re2 Qb7 49.Kg3 Qh7 50.Nh4 Qh6
51.Ng2 Qg5 52.Rf2 Bd7 53.Rf4 c5 54.dxc5+ Kxc5 55.Kf2 Qh6 56.Kg1 Bb5 57.Bd1 Qh3
58.Rf2 Bd3 59.Rf4 d4 60.exd4+ Kxd4 61.Rf2 Ke5 62.Rf4 Qxg2+  0-1

[Event "TCh-CZE 2002-3"]
[Site "Czech Rep CZE"]
[Date "2003.03.16"]
[Round "9"]
[White "Jakubiec,A"]
[Black "Zurek,M"]
[Result "1-0"]
[WhiteElo "2532"]
[BlackElo "2446"]

1.c4 c6 2.Nf3 d5 3.e3 Bg4 4.Qb3 Qb6 5.Qxb6 axb6 6.cxd5 Bxf3 7.gxf3 cxd5 8.Nc3 Nf6
9.b3 e6 10.Bb2 Nc6 11.Rg1 Rg8 12.Nb5 Ke7 13.Nd4 Nd7 14.Bb5 Kd6 15.a4 g6 16.Rc1 Ndb8
17.f4 Bg7 18.Ba3+ Kc7 19.Nf3 Nd7 20.Ng5 Bf8 21.Bb2 Bg7 22.d4 Nc5 23.Nxf7 Nxb3
24.Rc3 Nxd4 25.exd4 Bxd4 26.Rc2 Bxb2 27.Rxb2 Rgf8 28.Ng5 Kd6 29.Nxh7 Rxf4
30.Rxg6 Ne5 31.Rg3 Rh8 32.Rg7 Rxa4 33.Rxb7 Rh4 34.Ng5 Rxh2 35.Rxb6+ Kc5 36.Bf1 Nc6
37.R2b5+ Kd6 38.Nf7+  1-0

[Event "19th Open"]
[Site "Bad Woerishofen GER"]
[Date "2003.03.21"]
[Round "9"]
[White "Perman,T"]
[Black "Baeuml,U"]
[Result "0-1"]
[WhiteElo "2083"]
[BlackElo "2176"]

1.c4 c6 2.e4 d5 3.exd5 cxd5 4.d4 Nf6 5.Nc3 g6 6.cxd5 Nxd5 7.Bb5+ Nc6 8.Nf3 Bg7
9.O-O O-O 10.h3 h6 11.Be3 Be6 12.Qd2 Kh7 13.Rac1 Rc8 14.Na4 Nxe3 15.fxe3 Bxa2
16.Nc5 b6 17.Nd3 Bd5 18.Nb4 Nxb4 19.Rxc8 Qxc8 20.Qxb4 Qe6 21.Re1 Bxf3 22.gxf3 Qxh3
23.Qxe7 Qg3+ 24.Kf1 Qxf3+ 25.Kg1 Qg4+  0-1

[Event "German Cup Final Indiv"]
[Site "Berlin GER"]
[Date "2003.03.21"]
[Round "1"]
[White "Steinhagen,B"]
[Black "Dauth,B"]
[Result "1/2-1/2"]
[WhiteElo "2215"]
[BlackElo "2208"]

1.c4 c6 2.e3 d5 3.Nf3 Nf6 4.b3 Bg4 5.Bb2 e6 6.Be2 Be7 7.O-O O-O 8.h3 Bh5
9.d3 Nbd7 10.Nbd2 Qc7 11.Re1 Rfd8 12.Qc2 Ne8 13.cxd5 cxd5 14.Rac1 Rac8 15.Qb1 Qa5
16.Qa1 Bb4 17.Rxc8 Rxc8 18.Rc1 Rxc1+ 19.Bxc1 Bc3 20.Qb1 Ne5 21.Qc2 Nc6 22.a3 Bf6
23.Bb2 Bxb2 24.Qxb2 Nd6 25.Nb1 Qb6 26.Nc3 d4 27.Nxd4 Nxd4 28.exd4 Bxe2 29.Nxe2 Qa6
30.Nc1 Qc6 31.Ne2 Qa6 32.Nc1 Qc6 33.b4 Nf5 34.Ne2 Nh4 35.Nf4 g5 36.d5 exd5
37.Nh5 d4 38.f3 Qg6 39.Ng3 Qxd3 40.Kh2 Qc3 41.Qf2 Qc7 42.Kg1 Qc1+ 43.Nf1 Nf5
44.Kh2 Qxa3 45.Qc2 Ne3 46.Qc8+ Kg7 47.Ng3 Qa2 48.Nf5+ Nxf5 49.Qxf5 f6 50.Qd7+ Qf7
51.Qxd4 Qc7+ 52.g3 h5 53.Qxa7 h4 54.Qf2 Qd6 55.b5 Qe5 56.Kg2 hxg3 57.Qb6 Qe1
58.Qxb7+ Kh6 59.Qb6 Kg6 60.Qc5 f5 61.Qd6+ Kh5 62.Qxg3 Qe2+ 63.Qf2 Qxb5 64.Qc2 Qd5
65.Qe2 Qc5 66.Qe8+ Kh6 67.Qh8+ Kg6 68.Qg8+ Kf6 69.Qh8+ Kg6  1/2-1/2

[Event "17th Masters"]
[Site "Clichy FRA"]
[Date "2003.03.23"]
[Round "2"]
[White "Grimberg,G"]
[Black "Draoui,N"]
[Result "0-1"]
[WhiteElo "2340"]
[BlackElo "2278"]

1.c4 c6 2.Nf3 Nf6 3.g3 g6 4.Bg2 Bg7 5.O-O O-O 6.Nc3 d6 7.d3 e5 8.b4 Nh5 9.Rb1 f5
10.Qc2 Kh8 11.b5 c5 12.Bg5 Bf6 13.Bh6 Rg8 14.Bd2 Be6 15.Ne1 Rg7 16.Qc1 Qc8
17.Bh6 Rf7 18.Nf3 Nd7 19.Bg5 Rf8 20.a4 Rb8 21.a5 Qd8 22.Bxf6+ Ndxf6 23.b6 a6
24.Ng5 Bg8 25.Rb2 Qe7 26.Rd1 h6 27.Nf3 Kg7 28.e3 Rbc8 29.Rc2 Kh7 30.Ne2 g5
31.d4 cxd4 32.exd4 e4 33.Nd2 f4 34.Nc3 e3 35.Nde4 Bxc4 36.fxe3 fxg3 37.Nxf6+ Nxf6
38.hxg3 Bb3 39.Re1 Bxc2 40.Qxc2+ Kg7 41.Qd3 d5 42.Nxd5 Nxd5 43.Bxd5 Qd6 44.e4 Qb4
45.Rb1 Qxa5 46.Bxb7 Rc3 47.Qe2 Rxg3+ 48.Kh2 Qc3  0-1

[Event "TSIM March"]
[Site "Subotica YUG"]
[Date "2003.03.25"]
[Round "3"]
[White "Dragojlovic,A"]
[Black "Stojkovic,Mir"]
[Result "1-0"]
[WhiteElo "2334"]
[BlackElo "2273"]

1.c4 c6 2.e4 d5 3.exd5 cxd5 4.cxd5 Nf6 5.Nc3 g6 6.Bb5+ Bd7 7.Bc4 Bg7 8.Nge2 O-O
9.O-O Na6 10.d3 Nc7 11.Bf4 Nh5 12.Bg5 b5 13.d6 bxc4 14.dxe7 Qb8 15.exf8=Q+ Kxf8
16.dxc4 Be6 17.Nd5 Bxd5 18.cxd5 Qxb2 19.Rc1 Qe5 20.d6 Ne6 21.Be7+ Kg8 22.d7  1-0

[Event "Spring Open"]
[Site "Belgrade YUG"]
[Date "2003.03.27"]
[Round "3"]
[White "Scekic,M"]
[Black "Brujic,B"]
[Result "1/2-1/2"]
[WhiteElo "2447"]
[BlackElo "2237"]

1.c4 c6 2.e4 d5 3.exd5 cxd5 4.d4 Nf6 5.Nc3 e6 6.Nf3 Be7 7.Bd3 Nc6 8.a3 O-O
9.O-O b6 10.cxd5 Nxd5 11.Nxd5 Qxd5 12.Qc2 f5 13.Be3 Kh8 14.Rad1 b5 15.Qe2 a6
16.Bb1 Bb7 17.b4 Nd8 18.Bf4 Bf6 19.Rfe1 Rc8 20.Ba2 Qe4 21.Qd2 Rc2 22.Rxe4 Rxd2
23.Nxd2 fxe4 24.Be3 Re8 25.h3 Nf7 26.Rc1 Bd8 27.Bb1 Nd6 28.Bf4 Nf5 29.Bxe4 Nxd4
30.Bxb7 Ne2+ 31.Kf1 Nxc1 32.Bxa6 Bf6 33.Bxb5 Rd8 34.g3 Bb2 35.Nc4 Rd1+ 36.Kg2 Nd3
37.Nxb2 Nxb2 38.Be2 Ra1 39.b5 Na4 40.Bd6 Kg8 41.Kf3 Kf7 42.Bb4 Ke8 43.Bd3 g6
44.Kf4 Nb6 45.Ke5 Kd7 46.Be4 Nc4+ 47.Kf6 Nxa3 48.Bc6+ Kc7 49.Bxa3 Rxa3 50.Kg7 Ra2
51.Kxh7 Rxf2 52.Kxg6 Rh2 53.h4 Rh3 54.h5 Rxg3+ 55.Kf7 Rh3 56.Kg6 Rg3+  1/2-1/2

[Event "Classics IM"]
[Site "Gausdal NOR"]
[Date "2003.04.03"]
[Round "1"]
[White "Miezis,N"]
[Black "Hoogendoorn,J"]
[Result "1-0"]
[WhiteElo "2516"]
[BlackElo "2429"]

1.c4 c6 2.e4 e5 3.Nc3 Bc5 4.g3 Nf6 5.Bg2 O-O 6.Nge2 d5 7.exd5 cxd5 8.cxd5 Bg4
9.h3 Bxe2 10.Qxe2 Na6 11.d3 Bd4 12.O-O Rc8 13.Bd2 Nc7 14.Rac1 Qd7 15.Qf3 Rfe8
16.Rfe1 b5 17.a3 a5 18.Bg5 b4 19.axb4 axb4 20.Ne4 Nfxd5 21.Re2 Nb5 22.Rc4 h6
23.Be3 Red8 24.Kh2 f5 25.Nc5 Rxc5 26.Rxc5 Nxe3 27.Rxb5 Qxb5 28.fxe3 e4 29.dxe4 fxe4
30.Qg4 Bf6 31.Rf2 Qg5 32.Qe6+ Kh8 33.Rf5 Qg6 34.Bxe4 Rd2+ 35.Kh1 Rd1+ 36.Kg2 Rd2+
37.Kf3 Rd8 38.Re5  1-0

[Event "Classics IM"]
[Site "Gausdal NOR"]
[Date "2003.04.04"]
[Round "2"]
[White "Saevareid,O"]
[Black "Hole,O"]
[Result "1/2-1/2"]
[WhiteElo "2136"]
[BlackElo "2247"]

1.c4 c6 2.g3 d5 3.Bg2 Nf6 4.Nf3 dxc4 5.Qc2 b5 6.b3 cxb3 7.axb3 Bb7 8.Ba3 e6
9.Bxf8 Rxf8 10.d4 Nbd7 11.O-O Qb6 12.Rc1 Ke7 13.Nbd2 Rfc8 14.b4 a5 15.e4 g6
16.e5 Nd5 17.bxa5 Rxa5 18.Rxa5 Qxa5 19.Ne4 Rc7 20.Nc5 b4 21.Nxd7 Rxd7 22.Nd2 Nc3
23.Nb3 Qb6 24.Qd2 Kf8 25.h4 Kg8 26.Rxc3 bxc3 27.Qxc3 Ba6 28.Nc5 Rd8 29.Kh2 Be2
30.Qe3 Qb2 31.Ne4 Rxd4 32.Qh6 Rxe4 33.Bxe4 Qxe5 34.Bxc6 Qc5 35.Qe3 Qxe3 36.fxe3 Kg7
37.Kg1 Kf6 38.Kf2 Bc4 39.Bf3 Ke5 40.Bc6 f6 41.Ba4 g5 42.hxg5 fxg5 43.g4 h6
44.Bc2 Kd5 45.Ba4 Kc5 46.Bd7 Kd6 47.Ba4 e5 48.Bc2 Be6 49.Kg3 Kc5 50.Bd3 Kb4
51.Bf5 Bd5 52.Kf2 Kc3 53.Bd7 Kd2 54.Bf5 Bc4 55.Bd7 Be2 56.Be6 Bd1  1/2-1/2

[Event "Classics GM"]
[Site "Gausdal NOR"]
[Date "2003.04.05"]
[Round "4"]
[White "Lie,K"]
[Black "Sarbok,T"]
[Result "1/2-1/2"]
[WhiteElo "2430"]
[BlackElo "2325"]

1.c4 c6 2.g3 d5 3.Bg2 Nf6 4.Nf3 Bg4 5.Ne5 Be6 6.cxd5 Bxd5 7.Nf3 c5 8.O-O e6
9.d3 Be7 10.Nbd2 O-O 11.a3 Nbd7 12.e4 Bc6 13.Qe2 b5 14.Rd1 Qb6 15.b3 Rac8
16.Bb2 Rfd8 17.h4 a6 18.e5 Ng4 19.Bh3 Nh6 20.Ng5 Nf8 21.Nde4 Bxe4 22.Qxe4 Rd5
23.Qxd5 exd5 24.Bxc8 Ne6 25.Bxe6 fxe6 26.Kg2 Nf5 27.d4 c4 28.b4 a5 29.Bc3 a4
30.Nh3 Kf7 31.Nf4 Qa7 32.Rd2 Bd8 33.Rh1 Bb6 34.Ne2 Qe7 35.Nf4 Qa7 36.Ne2 Qe7
37.Nf4 Qa7 38.Ne2  1/2-1/2

[Event "National I"]
[Site "Besancon FRA"]
[Date "2003.04.06"]
[Round "6"]
[White "Sulava,N"]
[Black "Wagner,Cl"]
[Result "1-0"]
[WhiteElo "2516"]
[BlackElo "2360"]

1.c4 c6 2.e4 d5 3.exd5 cxd5 4.cxd5 Nf6 5.Nc3 Nxd5 6.Nf3 Nxc3 7.bxc3 g6 8.d4 Bg7
9.Bd3 Nc6 10.O-O O-O 11.Re1 Qa5 12.Bd2 e5 13.Be4 Bg4 14.d5 Ne7 15.c4 Qd8
16.Qb3 f5 17.Bc2 Bxf3 18.gxf3 Qd7 19.Bc3 b5 20.d6  1-0

[Event "National I"]
[Site "Bordeaux FRA"]
[Date "2003.04.06"]
[Round "6"]
[White "Rotstein,A"]
[Black "Rausis,I"]
[Result "1/2-1/2"]
[WhiteElo "2514"]
[BlackElo "2533"]

1.c4 c6 2.e4 d5 3.exd5 Nf6 4.Nc3 cxd5 5.cxd5 Nxd5 6.Nf3 Nc6 7.Bc4 e6 8.O-O Be7
9.d4 O-O 10.Re1 Qd6 11.Qd3 Rd8 12.Ng5 Bxg5 13.Bxg5 f6 14.Ne4 Qf8 15.Bh4 Nf4
16.Qc3 Qb4 17.Qg3 Ng6 18.Bd3 Rxd4 19.Bxf6 gxf6 20.Nxf6+ Kf7 21.Nxh7 Rg4 22.Ng5+ Kg7
23.Qc7+ Qe7 24.Qxe7+ Ncxe7 25.Bxg6 Nxg6 26.Ne4 Nh4 27.Ng3 Kf7 28.Rac1 Rd4
29.Re4 Rxe4 30.Nxe4 Bd7 31.Rc7 Ke7 32.Nc5 Kd6 33.Rxd7+ Kxc5 34.Rxb7 Rd8 35.h3 Rd1+
36.Kh2 Rd2 37.b4+ Kc4 38.Rxa7 Nf5 39.g4 Nd6 40.Kg2 Ne4 41.Rf7 Rxa2 42.h4 Kd5
43.h5 Ng5 44.Rg7 Ne4 45.Rf7 Ng5 46.Rf8 Rb2 47.h6 Rxb4 48.f3 Rb7 49.Rg8 Nh7
50.g5 Ke5 51.Rg7 Rb2+ 52.Kg3 Kf5 53.f4 e5 54.Rf7+ Kg6 55.Rg7+  1/2-1/2

[Event "Classics IM"]
[Site "Gausdal NOR"]
[Date "2003.04.07"]
[Round "6"]
[White "Rodgaard,J"]
[Black "Hole,O"]
[Result "1/2-1/2"]
[WhiteElo "2349"]
[BlackElo "2247"]

1.c4 c6 2.Nf3 d5 3.cxd5 cxd5 4.d4 Nf6 5.Nc3 Nc6 6.Bf4 Bf5 7.e3 e6 8.Qb3 Bb4
9.Bb5 O-O 10.Bxc6 Bxc3+ 11.bxc3 bxc6  1/2-1/2

[Event "1st NY Masters Int"]
[Site "New York USA"]
[Date "2003.04.07"]
[Round "9"]
[White "Chernin,O"]
[Black "Bierkens,P"]
[Result "1-0"]
[WhiteElo "2207"]
[BlackElo "2250"]

1.c4 c6 2.Nf3 d5 3.b3 Bg4 4.Ne5 Bf5 5.Bb2 Nd7 6.Nxd7 Qxd7 7.d3 Nf6 8.g3 Bh3
9.Nd2 Bxf1 10.Nxf1 d4 11.e4 e5 12.Nd2 h5 13.h3 Bb4 14.a3 Bc3 15.Bxc3 dxc3
16.Nf3 Rd8 17.Ke2 b5 18.Qc2 bxc4 19.bxc4 O-O 20.Qxc3 Rb8 21.Nxe5 Qe6 22.f4 Rfe8
23.Qc2 Rbd8 24.Rab1 Nd7 25.Nxd7 Rxd7 26.Rb3 g5 27.fxg5 Qe5 28.Kf2 Qxg5 29.Re1 Rd6
30.Qc1 Qe5 31.Kg2 Rg6 32.Qe3 Rd8 33.Rf1 Rg7 34.Rf5 Qa1 35.Qd2 Qd4 36.Qf2 h4
37.g4 Qd6 38.Qxh4 Rb8 39.Rh5  1-0

[Event "IV IM"]
[Site "Monaco MNC"]
[Date "2003.04.08"]
[Round "2"]
[White "Sulava,N"]
[Black "Perez,Fl"]
[Result "1-0"]
[WhiteElo "2516"]
[BlackElo "2150"]

1.c4 c6 2.e4 e5 3.Nf3 d6 4.d4 Nd7 5.Nc3 Ngf6 6.Be2 Be7 7.O-O O-O 8.Qc2 a6
9.Rd1 Qc7 10.Bg5 Re8 11.h3 b6 12.Bh4 Bb7 13.Rd2 Bf8 14.dxe5 dxe5 15.a3 h6
16.Rad1 Bc8 17.b4 Nh5 18.Nh2 Nf4 19.Bg4 Ne6 20.Nf3 Be7 21.Bxe6 fxe6 22.Bxe7 Rxe7
23.Rd6 c5 24.Qd3 b5 25.cxb5 c4 26.Qc2 axb5 27.Nxb5 Qb8 28.a4 Kh7 29.h4 Nb6
30.Nxe5 Nxa4 31.Nc6  1-0

[Event "FSGM April"]
[Site "Budapest HUN"]
[Date "2003.04.10"]
[Round "6"]
[White "Hoffmann,Mi"]
[Black "Jakab,A"]
[Result "0-1"]
[WhiteElo "2435"]
[BlackElo "2388"]

1.c4 c6 2.e4 d6 3.d4 e5 4.Nf3 Bg4 5.dxe5 Bxf3 6.gxf3 dxe5 7.Qxd8+ Kxd8 8.f4 Bd6
9.c5 Bc7 10.fxe5 Bxe5 11.Nc3 Nf6 12.Be3 Nbd7 13.O-O-O Ke7 14.f3 Rhd8 15.Ne2 Nf8
16.Bg2 Ng6 17.f4 Bc7 18.e5 Ng4 19.Bd4 Nh4 20.Bh3 Nh6 21.Ng3 Nf3 22.Be3 Rxd1+
23.Kxd1 Rd8+ 24.Ke2 Nd4+ 25.Kf2 Nc2 26.Nf5+ Nxf5 27.Bxf5 Nxe3 28.Kxe3 Ba5
29.Bxh7 Bb4 30.Be4 Bxc5+ 31.Kf3 Rd2 32.Rc1 Bd4 33.b4 a6 34.a4 Rf2+ 35.Kg4 Be3  0-1

[Event "FSIMA April"]
[Site "Budapest HUN"]
[Date "2003.04.12"]
[Round "8"]
[White "Farago,S"]
[Black "Harmatosi,J"]
[Result "1-0"]
[WhiteElo "2342"]
[BlackElo "2209"]

1.c4 c6 2.Nf3 d5 3.b3 Bg4 4.Bb2 e6 5.d3 Nd7 6.Nbd2 Ngf6 7.h3 Bxf3 8.Nxf3 Qa5+
9.Nd2 Ba3 10.Qc1 Bxb2 11.Qxb2 O-O 12.g4 e5 13.Bg2 d4 14.b4 Qc7 15.O-O Rfd8
16.f4 Nb6 17.f5 Na4 18.Qb3 Nc3 19.Rf2 a5 20.a4 Qe7 21.b5 e4 22.dxe4 Nfxe4
23.Nxe4 Nxe4 24.Bxe4 Qxe4 25.Qf3 Qxf3 26.Rxf3 Re8 27.Kf2 Re5 28.Rd1 Rae8
29.Rxd4 Rxe2+ 30.Kg3 Ra2 31.bxc6 bxc6 32.Rd6 Rxa4 33.Rxc6 g5 34.h4 h6 35.Rxh6 gxh4+
36.Kxh4 Rxc4 37.Kg5 Ree4 38.Rg3 a4 39.Ra6 Rc8 40.Ra7 Kf8 41.Rh3 Rcc4 42.Rh4 Rc6
43.Rh8+ Kg7 44.Raa8 f6+ 45.Kh4 Rc1 46.Rag8+ Kf7 47.Rf8+ Kg7 48.Rhg8+ Kh7
49.Rg6 Rh1+ 50.Kg3 a3 51.Ra8 Re3+ 52.Kf4 Rb3 53.Ra7+ Kh8 54.Rxf6 Rf1+ 55.Kg5 Rb8
56.Rxa3  1-0

[Event "IM"]
[Site "Evry FRA"]
[Date "2003.04.12"]
[Round "3"]
[White "Velikov,P"]
[Black "Sanchez,Lo"]
[Result "1-0"]
[WhiteElo "2435"]
[BlackElo "2238"]

1.c4 c6 2.Nf3 Nf6 3.d4 d5 4.e3 a6 5.a4 e6 6.Nc3 a5 7.Bd3 Bd6 8.O-O Nbd7 9.e4 dxe4
10.Nxe4 Nxe4 11.Bxe4 O-O 12.Bc2 f5 13.Re1 Nf6 14.c5 Bc7 15.h3 Nd5 16.Bb3 h6
17.Ne5 Rb8 18.Ra3 Bxe5 19.Rxe5 b6 20.Bc4 bxc5 21.dxc5 Rb4 22.b3 Rb7 23.Ra1 Qf6
24.Bb2 Qg5 25.Qf3 Rbf7 26.Rae1 Qd2 27.Ba3 Kh7 28.R5e2 Qg5 29.Bb2 Qd8 30.Be5 Bd7
31.Qd3 Kg8 32.Qd2 f4 33.Re4 Qg5 34.Bd6 Rc8 35.Re5 Qh4 36.R1e4 Qf6 37.Qxa5 Qg6
38.Qd2 Nf6 39.Rxf4 Nd5 40.Bd3  1-0

[Event "Seniorsko"]
[Site "Nisa YUG"]
[Date "2003.04.12"]
[Round "4"]
[White "Rakic,I"]
[Black "Perunovic,L"]
[Result "0-1"]
[WhiteElo "2054"]
[BlackElo "2171"]

1.c4 c6 2.d4 d5 3.Nf3 Nf6 4.Qc2 g6 5.Bf4 dxc4 6.e4 b5 7.a4 a6 8.axb5 cxb5
9.Nc3 Bb7 10.d5 Bg7 11.Be2 O-O 12.O-O Nbd7 13.h3 Nc5 14.Be3 Rc8 15.Rad1 b4
16.Bxc5 bxc3 17.bxc3 Rxc5 18.Rd4 Qc7  0-1

[Event "TCh-CZE 2002-3"]
[Site "Czech Rep CZE"]
[Date "2003.04.13"]
[Round "11"]
[White "Konopka,M"]
[Black "Belunek,V"]
[Result "1-0"]
[WhiteElo "2448"]
[BlackElo "2416"]

1.c4 c6 2.d4 d5 3.Nf3 Nf6 4.Qc2 g6 5.Bf4 Bg7 6.e3 O-O 7.Nc3 Bf5 8.Qb3 Qb6
9.c5 Qxb3 10.axb3 Nbd7 11.h3 h5 12.b4 a6 13.Be2 Ne4 14.Nh4 Be6 15.g4 Bf6
16.Ng2 hxg4 17.hxg4 Bg7 18.f3 Nxc3 19.bxc3 f6 20.Bd3 g5 21.Bg6 Rfd8 22.Bc7 Rdc8
23.Bg3 Nf8 24.Bf5 Kf7 25.e4 Bd7 26.exd5 cxd5 27.Bxd7 Nxd7 28.Ne3 e6 29.c4 f5
30.gxf5 Bxd4 31.fxe6+ Kxe6 32.cxd5+ Kf7 33.Ra3 Kg6 34.Nc4 b6 35.c6 Nf6 36.Rd3  1-0

[Event "XXXIV Open"]
[Site "Mar del Plata ARG"]
[Date "2003.04.15"]
[Round "5"]
[White "Slipak,S"]
[Black "Moreda,L"]
[Result "1-0"]
[WhiteElo "2502"]
[BlackElo "2329"]

1.c4 c6 2.d4 d5 3.Nf3 Nf6 4.Nc3 dxc4 5.a4 Bf5 6.Nh4 Bd7 7.e4 e5 8.Nf3 Bg4
9.Be3 Bb4 10.Bxc4 O-O 11.Qb3 Bxf3 12.gxf3 exd4 13.O-O-O c5 14.Bg5 Qb6 15.e5 Nc6
16.Bxf6 dxc3 17.Rhg1 g6 18.Rd7 cxb2+ 19.Kb1 Nd8 20.Qe3 Bc3 21.Qxc3 Qc6 22.Qc2 Ne6
23.Rd6 Qxf3 24.Bxe6  1-0

[Event "34th Norwegian Open"]
[Site "Oslo NOR"]
[Date "2003.04.15"]
[Round "4"]
[White "Miezis,N"]
[Black "Ofstad,P"]
[Result "1-0"]
[WhiteElo "2516"]
[BlackElo "2218"]

1.c4 c6 2.e4 d5 3.exd5 cxd5 4.cxd5 Nf6 5.Bb5+ Nbd7 6.Nc3 a6 7.Qa4 Rb8 8.Bxd7+ Bxd7
9.Qf4 g6 10.Nf3 Bg7 11.Ne5 O-O 12.d4 b5 13.a3 Rb6 14.O-O Rd6 15.Qf3 Qb6 16.Bf4 Nh5
17.Be3 Qb7 18.Ne4 Bxe5 19.dxe5 Rxd5 20.Nc3 Bc6 21.Nxd5 Bxd5 22.Qg4 Ng7 23.Bh6 Be6
24.Qf4 Bd5 25.Bxg7 Kxg7 26.f3  1-0

[Event "7th Neckar Open"]
[Site "Deizisau GER"]
[Date "2003.04.20"]
[Round "6"]
[White "Kanep,M"]
[Black "Keitlinghaus,L"]
[Result "1/2-1/2"]
[WhiteElo "2446"]
[BlackElo "2500"]

1.c4 c6 2.Nf3 d5 3.e3 Nf6 4.Nc3 a6 5.Be2 b5 6.cxd5 cxd5 7.O-O e6 8.Ne5 Be7
9.f4 O-O 10.Bf3 Bb7 11.b3 Nbd7 12.Bb2 Nxe5 13.fxe5 Nd7 14.Ne2 Qb8 15.d4 b4
16.Nf4 Bc6 17.Bg4 Bb5 18.Rf3 Qb6 19.Rh3 Rfc8 20.Qb1 Nf8 21.Bf3 Ng6 22.Nxg6 hxg6
23.e4 Bc6 24.exd5 Bxd5 25.Bxd5 exd5 26.Qd3 Ra7 27.Rf1 Qe6 28.Rhf3 Bg5 29.R3f2 Rac7
30.Qg3 Bh6 31.h4 Rc2 32.Kh2 Rxf2  1/2-1/2

[Event "5th Open"]
[Site "Dubai UAE"]
[Date "2003.04.20"]
[Round "1"]
[White "Mohandesi,S"]
[Black "Volkov,S"]
[Result "1/2-1/2"]
[WhiteElo "2358"]
[BlackElo "2634"]

1.c4 c6 2.g3 d5 3.Bg2 dxc4 4.Na3 Nd7 5.Nxc4 Nb6 6.Qc2 Nxc4 7.Qxc4 g6 8.Nf3 Bg7
9.O-O Nf6 10.d3 O-O 11.Bd2 a5 12.Bc3 a4 13.Rfd1 Be6 14.Qh4 h6 15.Qd4 Qc7
16.Qe5 Qc8 17.Qc5 a3 18.Ne5 axb2 19.Bxb2 Rxa2 20.Rxa2 Bxa2 21.Qxe7 Re8 22.Qa3 Bd5
23.e4 Be6 24.d4 Ng4 25.Nd3 Qa8 26.Qb4 h5 27.Nf4 Bd7 28.Qb3 Qc8 29.Nxg6 Be6
30.d5 fxg6 31.Bxg7 Bxd5 32.exd5 Kxg7 33.dxc6 bxc6 34.Qc3+ Kh7 35.h3 Nh6 36.Qxc6 Qxc6
37.Bxc6 Re7 38.Kg2 Kg7 39.Bd7 Ng8 40.Bc6 Nf6 41.h4 Re6 42.Bf3 Re7 43.Rb1 Rc7
44.Rb7 Rxb7 45.Bxb7 Ng4 46.Kf3 Kf6 47.Bc8 Ne5+ 48.Ke4  1/2-1/2

[Event "XXI Open"]
[Site "Metz FRA"]
[Date "2003.04.20"]
[Round "2"]
[White "Murey,J"]
[Black "Julian,S"]
[Result "1-0"]
[WhiteElo "2490"]
[BlackElo "2144"]

1.c4 c6 2.Nc3 d5 3.d4 Nf6 4.Nf3 a6 5.h3 g6 6.Bg5 Bg7 7.e3 O-O 8.a3 Nbd7 9.cxd5 cxd5
10.Qb3 Qb6 11.Qa2 e6 12.Bd3 Qa7 13.O-O b5 14.b4 Bb7 15.a4 bxa4 16.Nxa4 Ne4
17.Bf4 Rfc8 18.Rfc1 Bc6 19.Nc5 Nexc5 20.bxc5 a5 21.Rab1 f6 22.Bb5 Qb7 23.Ba4 Qa6
24.Bg3 Kh8 25.Rc3 h6 26.Ra3 Qc4 27.Qxc4 dxc4 28.Bxc6 Rxc6 29.Nd2 e5 30.Nxc4 exd4
31.exd4 f5 32.Rb7 Rd8 33.Nxa5  1-0

[Event "Commonwealth Ch"]
[Site "Mumbai IND"]
[Date "2003.04.20"]
[Round "1"]
[White "Roktim,B"]
[Black "Koneru,C"]
[Result "1/2-1/2"]
[WhiteElo "2405"]
[BlackElo "2138"]

1.c4 c6 2.e4 d5 3.exd5 cxd5 4.cxd5 Qxd5 5.Nc3 Qd8 6.d4 Nf6 7.Bc4 e6 8.Nf3 Be7
9.O-O O-O 10.Qe2 a6 11.a4 Nc6 12.Rd1 Nb4 13.Ne5 b6 14.Bg5 Nfd5 15.Bxd5 exd5
16.Bxe7 Qxe7 17.Nd3 Qxe2 18.Nxe2 Nxd3 19.Rxd3 Re8 20.Re3 Rxe3 21.fxe3 Bb7
22.Rc1 Rc8 23.Rxc8+ Bxc8 24.Nc3 Bb7 25.Kf2 Kf8 26.Ke2 Ke7 27.Kd3 a5 28.Kd2 Ke6
29.Ke1 Ba6 30.Kf2 Bd3 31.Kf3 f6 32.Kf4 g6 33.Kg4  1/2-1/2

[Event "XXI Open"]
[Site "Metz FRA"]
[Date "2003.04.23"]
[Round "5"]
[White "Taddei,B"]
[Black "Ivanovic,B"]
[Result "0-1"]
[WhiteElo "2313"]
[BlackElo "2512"]

1.c4 c6 2.g3 d5 3.Bg2 Nf6 4.Nf3 g6 5.b3 Bg7 6.Bb2 Qb6 7.Qc2 O-O 8.O-O Bg4
9.d3 Nbd7 10.Nbd2 Rfe8 11.Rac1 e6 12.e3 a5 13.Ne5 Bh5 14.Bd4 Qd8 15.f3 g5
16.Qb2 Bf8 17.Nxd7 Nxd7 18.cxd5 cxd5 19.f4 a4 20.bxa4 Rxa4 21.Qxb7 Rxa2 22.Rc7 Rxd2
23.Rxd7 Qc8 24.Qxc8 Rxc8 25.Rf2 Rxd3 26.Ra2 gxf4 27.gxf4 Bg6 28.Kf2 Bg7 29.Bxg7 Kxg7
30.Re2 Kf6 31.Rb7 Rc4 32.Reb2 Rcc3 33.Re2 Bh5 34.Bf3 Bxf3 35.Kxf3 d4 36.Ke4 Rxe3+
37.Rxe3 Rxe3+ 38.Kxd4 Rh3 39.Rb2 Kf5 40.Rf2 h5  0-1

[Event "Commonwealth Ch"]
[Site "Mumbai IND"]
[Date "2003.04.23"]
[Round "5"]
[White "Singh,Ri"]
[Black "Abdulla,AlR"]
[Result "0-1"]
[WhiteElo "2252"]
[BlackElo "2410"]

1.c4 c6 2.Nf3 d5 3.b3 Bg4 4.Bb2 Nd7 5.g3 Ngf6 6.Bg2 e6 7.O-O Bd6 8.d3 O-O
9.Nc3 Re8 10.Qc2 Qc7 11.h3 Bh5 12.Rac1 Rac8 13.Qd2 Qb8 14.e3 Rcd8 15.Qc2 b5
16.Nd4 Rc8 17.cxb5 cxb5 18.Ndxb5 Bb4 19.Ba3 Rxc3 20.Nxc3 Bxa3 21.Rb1 a5 22.Ne2 Rc8
23.Qd2 Qb4 24.Rfd1 Ne5 25.g4 Bg6 26.Nf4 Qxd2 27.Rxd2 Rc3 28.Nxg6 hxg6 29.d4 Nd3
30.f3 Ne8 31.Bf1 Nb4 32.Kf2 Nd6 33.Rbd1 Kf8 34.Re2 Ke7 35.Red2 g5 36.Re2 e5
37.Rdd2 Ke6 38.Bg2 e4 39.Rd1 g6 40.Rdd2 f5 41.Bh1 Bc1 42.gxf5+ gxf5 43.h4 f4
44.hxg5 fxe3+ 45.Kf1 Nf5  0-1

[Event "60th ch-POL"]
[Site "Warsaw POL"]
[Date "2003.04.24"]
[Round "3"]
[White "Cyborowski,L"]
[Black "Grabarczyk,M"]
[Result "1/2-1/2"]
[WhiteElo "2543"]
[BlackElo "2508"]

1.c4 c6 2.e4 d5 3.exd5 Nf6 4.d4 cxd5 5.Nc3 e6 6.Nf3 Bb4 7.cxd5 Nxd5 8.Qc2 O-O
9.Bd3 h6 10.O-O Nc6 11.a3 Be7 12.Qe2 Re8 13.Re1 Bd7 14.Bc2 Bf8 15.Qd3 g6
16.Ne4 Nf6 17.Nc3 Bg7 18.Bf4 Nd5 19.Bg3 Nce7 20.Ne5 Nf5 21.Ne4 Re7 22.Rad1 Rc8
23.Bb3 Qb6 24.Bxd5 exd5 25.Nc3 Qb3 26.Qd2 Be6 27.Nf3 Nxg3 28.hxg3 Ree8 29.Re2 Bg4
30.Rde1 Rxe2 31.Rxe2 g5 32.Re3 Bxf3  1/2-1/2

[Event "5th Open"]
[Site "Dubai UAE"]
[Date "2003.04.25"]
[Round "6"]
[White "Kharlov,A"]
[Black "Al Sayed,Mohamad"]
[Result "1-0"]
[WhiteElo "2581"]
[BlackElo "2455"]

1.c4 c6 2.d4 d5 3.Nf3 Nf6 4.e3 Bg4 5.h3 Bxf3 6.Qxf3 Nbd7 7.Nc3 e6 8.Bd2 Bb4
9.Bd3 O-O 10.a3 Ba5 11.b4 Bc7 12.cxd5 cxd5 13.O-O Re8 14.e4 e5 15.Bg5 h6
16.Bh4 g5 17.Bg3 exd4 18.Nxd5 Nxd5 19.exd5 Ne5 20.Bxe5 Bxe5 21.Rfc1 Kg7 22.d6 Qxd6
23.Qxb7 Qb6 24.Qf3 Rac8 25.Rxc8 Rxc8 26.Qf5 Qe6 27.Qh7+ Kf8 28.Bf5  1-0